书目信息 |
| 题名: |
汉学史演讲录
|
|
| 作者: | 刘正 著 | |
| 分册: | 下册 | |
| 出版信息: | 北京 学苑出版社 2020.06 |
|
| 页数: | 430-764页 | |
| 开本: | 23cm | |
| 丛书名: | 汉学研究大系 | |
| 单 册: | ||
| 中图分类: | K207.8-53 | |
| 科图分类: | ||
| 主题词: | 汉学--历史--文集 | |
| 电子资源: | ||
| ISBN: | 978-7-5077-5926-6 | |
| 000 | 01204nam0 2200277 450 | |
| 001 | 0120203063711 | |
| 005 | 20201027102426.92 | |
| 010 | @a978-7-5077-5926-6@dCNY75.00,CNY150.00(全2册) | |
| 100 | @a20200921d2020 em y0chiy50 ea | |
| 101 | 0 | @achi |
| 102 | @aCN@b110000 | |
| 105 | @aac z 000yy | |
| 106 | @ar | |
| 200 | 1 | @a汉学史演讲录@9han xue shi yan jiang lu@b专著@h下册@f刘正著 |
| 210 | @a北京@c学苑出版社@d2020.06 | |
| 215 | @a430-764页@c图,照片,肖像@d23cm | |
| 225 | 1 | @a汉学研究大系@f阎纯德总主编 |
| 225 | 1 | @a列国汉学史丛书 |
| 304 | @a北京语言大学语言资源高精尖创新中心组编 | |
| 330 | @a本书是作者将自己关于1949年以前汉学在东西方各国传播、发展和研究的历史等方面的演讲、发言以及个案研究等资料整理而成的文集。这些针对性的演讲融合了史料派和史论派的两家特点,集中体现了以下六个科研重点:传统经学为主的中国思想史研究、商周金文为主的古文字学研究、宗教史和制度史为主的商周史研究、版本学和校勘学为主的古典文献研究、京都学派为主的海外汉学研究、上古神话和诗论为主的中国文学史研究等。 | |
| 333 | @a汉学史研究人员 | |
| 606 | 0 | @a汉学@x历史@j文集 |
| 690 | @aK207.8-53@v5 | |
| 701 | 0 | @a刘正@9liu zheng@4著 |
| 801 | 0 | @aCN@b人天书店@c20200921 |
| 905 | @b1297692-95@dK207.8-53@e158:2@f4 | |
| 汉学史演讲录.下册/刘正著.-北京:学苑出版社,2020.06 |
| 430-764页:图,照片,肖像;23cm.-(汉学研究大系/阎纯德总主编).-(列国汉学史丛书) |
| 使用对象:汉学史研究人员 |
| ISBN 978-7-5077-5926-6:CNY75.00,CNY150.00(全2册) |
| 本书是作者将自己关于1949年以前汉学在东西方各国传播、发展和研究的历史等方面的演讲、发言以及个案研究等资料整理而成的文集。这些针对性的演讲融合了史料派和史论派的两家特点,集中体现了以下六个科研重点:传统经学为主的中国思想史研究、商周金文为主的古文字学研究、宗教史和制度史为主的商周史研究、版本学和校勘学为主的古典文献研究、京都学派为主的海外汉学研究、上古神话和诗论为主的中国文学史研究等。 |
| ● |
| 相关链接 |
|
|
|
|
正题名:汉学史演讲录
索取号:K207.8-53/158:2
 
预约/预借
| 序号 | 登录号 | 条形码 | 馆藏地/架位号 | 状态 | 备注 |
| 1 | 1297692 | 212976920 | 第二样本阅览室/ [索取号:K207.8-53/158:2] | 在馆 | |
| 2 | 1297693 | 212976939 | 第二借阅区/ [索取号:K207.8-53/158:2] | 在馆 | |
| 3 | 1297694 | 212976948 | 第二借阅区/ [索取号:K207.8-53/158:2] | 在馆 | |
| 4 | 1297695 | 212976957 | 第二借阅区/ [索取号:K207.8-53/158:2] | 在馆 |